Velkolepé dobrodružství /

Hlavní autor: Hough, Emerson, 1857-1923
Další autoři: Slabý, Antonín, překladatel
Jazyk: Čeština
Vydáno: Praha : Přítel knihy, 1928
Edice: Nová knihovna světové literatury
Témata:
Fyzický popis: 262 s. : portrét ; 19 cm
Knihy
Uloženo v:
LEADER 00972nam a2200277 a 4500
001 000597438
003 CZ BrMZK
005 20071031072111.0
007 ta
008 020429s1928 xr f 000 0 cze d
015 |a cnb001100180 
035 |a (OCoLC)7145274 
040 |a BOA001  |b cze 
041 1 |a cze  |h eng 
080 |a 821.111(73)-31  |2 MRF 
100 1 |a Hough, Emerson,  |d 1857-1923  |7 mzk2002109941  |4 aut 
245 1 0 |a Velkolepé dobrodružství /  |c Emerson Hough ; [z angličtiny přeložil Antonín Slabý] 
260 |a Praha :  |b Přítel knihy,  |c 1928 
300 |a 262 s. :  |b portrét ;  |c 19 cm 
490 1 |a Nová knihovna světové literatury ;  |v roč. 2., sv. 1 
655 7 |a americké romány  |7 fd131796  |2 czenas 
700 1 |a Slabý, Antonín,  |c překladatel  |4 trl 
830 0 |a Nová knihovna světové literatury  |0 s 
910 |a BOA001  |b 1-1102.322 
990 |a BK 
996 7 |b 2610159736  |c 1-1102.322  |l MZK  |r Sklad / do 1 hodiny  |n 2  |p dar  |w 000597438  |u 000010  |a 1  |e BOA001  |j MZK50  |s A